KOHA-Header-6

Introductory Financial Accounting for Business (Record no. 13745)

000 -LEADER
fixed length control field 00329nam a22001217a 4500
020 ## - INTERNATIONAL STANDARD BOOK NUMBER
ISBN 978-1260288360
082 ## - DEWEY DECIMAL CLASSIFICATION NUMBER
Classification number 657
100 ## - MAIN ENTRY--AUTHOR NAME
Personal name Thomas Edmonds ; Christopher Edmonds
245 ## - TITLE STATEMENT
Title Introductory Financial Accounting for Business
260 ## - PUBLICATION, DISTRIBUTION, ETC. (IMPRINT)
Place of publication New York
Name of publisher McGraw Hill Education
Year of publication 2019
300 ## - PHYSICAL DESCRIPTION
Number of Pages xxxiii, 761 pages
942 ## - ADDED ENTRY ELEMENTS (KOHA)
Koha item type Books
Holdings
Withdrawn status Lost status Collection code Permanent Location Current Location Shelving location Date acquired Full call number Accession Number Koha item type
    Finance MAJU MAJU Shelf No.A44 2023-03-20 657 10826 Books

Powered by Koha